Premier League 25/26 - Statistics

Estatísticas Gerais
  • Esse quiz foi jogado 160 vezes
    113 desde o último reset
  • A pontuação média é 14 de 20
Estatísticas das Respostas
Times % Correto
Manchester City
100%
Manchester United
100%
Liverpool
95%
Chelsea
91%
Arsenal
87%
Tottenham
84%
Wolverhampton
83%
West Ham
68%
Aston Villa
67%
Everton
65%
Sunderland
64%
Brentford
63%
Crystal Palace
61%
Newcastle
60%
Brighton & Hove Albion
59%
Leeds
56%
Burnley
52%
Nottingham Forest
52%
Bournemouth
51%
Fulham
37%
Nenhum quiz correspondente encontrado
Distribuição das Pontuações
Porcentagem de Pessoas com Cada Pontuação
Percentil de Números Respondidos
Sua Pontuação Histórica
Você não jogou esse quiz desde o último reset